Statistics for TV Shows by Dads

Click here to take the quiz!

General Stats

  • This quiz has been taken 70 times
  • The average score is 10 of 15

Answer Stats

DadChild / ChildrenTV Show% Correct
Jack GellerMonica, RossFriends
95%
Martin CraneNiles, FrasierFrasier
84%
Frank CostanzaGeorgeSeinfeld
75%
Dan ConnerBecky, Darlene, D.J.Roseanne
71%
Archie BunkerGloriaAll In the Family
68%
Danny TannerD.J., Stephanie, MichelleFull House
68%
Howard CunninghamRichie, JoanieHappy Days
68%
Tim TaylorBrad, Randy, MarkHome Improvement
65%
Frank BaroneRay, RobertEverybody Loves Raymond
63%
Darrin StephensTabithaBewitched
59%
Fred SanfordLamontSanford and Son
54%
Alan HarperJakeTwo and a Half Men
54%
Ben CartwrightAdam, Hoss, JoeBonanza
49%
Steven DouglasRobbie, Chip, ErnieMy Three Sons
43%
Mike HeckAxl, Sue, BrickThe Middle
33%

Score Distribution

Percentile by Number Answered

Percent of People with Each Score

Your Score History

You have not taken this quiz